Statistiques concernant Autour de l'haltérophilie aux JO

Cliquez ici pour prendre le quiz!

Statistiques générales

  • Ce quiz a été pris 2 fois
  • Le résultat moyen est 4 sur 30

Statistiques - réponses

HintRéponse% Correct
Pays ayant obtenu au moins10 médailles d'argentChine | Etats-Unis | Bulgarie
100%
GénéralitésEn 2008 et 2012, combien de médailles ont été retirées pour dopage ? 10, 20, 30 ou 40 ?30
50%
GénéralitésCitez un des types de mouvementsArraché | Epaulé-jeté
50%
Quelles sont les trois meilleurs pays ?3eEtats-Unis
50%
Pays ayant obtenu au moins10 médailles d'orEtats-Unis | Bulgarie
50%
Pays ayant obtenu au moins10 médailles de bronzeEtats-Unis | Japon
50%
Pays ayant obtenu au moins30 médailles d'orURSS | Chine
50%
GénéralitésL'haltérophilie est présente aux JO depuis1896
0%
GénéralitésLes femmes peuvent participer aux compétitions depuis2000
0%
Les médaillés françaisPoids mi-lourds 1924Charles {Rigoulot}
0%
Quelle
est la nationalité de ces multimédaillés ?
Lu Xiaojun (3)Chinoise
0%
Les médaillés françaisPoids légers 1976Daniel {Senet}
0%
Les médaillés françaisPoids légers 1924Edmond {Decottignies}
0%
Les médaillés françaisPoids mi-lourds 1920Ernest {Cadiine}
0%
Quelle
est la nationalité de ces multimédaillés ?
Akakios Kakhiashvilis (3)Grecque
0%
Quelle
est la nationalité de ces multimédaillés ?
Pyrros Dimas (4)Grecque
0%
Les médaillés françaisPoids moyen 1920Henri {Gance}
0%
Les médaillés françaisPoids lourds moyens 1956Jean {Debuf}
0%
Les médaillés françaisPoids lourds 1920Léon {Bernot}
0%
Les médaillés françaisPoids mi-lourds 1936Louis {Hostin}
0%
Les médaillés françaisPoids mi-lourds 1932Louis {Hostin}
0%
Pays ayant obtenu au moins20 médailles de bronzePologne
0%
Les médaillés françaisPoids plumes 1932Raymond {Suvigny}
0%
Les médaillés françaisPoids légers 1932René {Duverger}
0%
Les médaillés françaisPoids moyen 1928Roger {François}
0%
Quelle
est la nationalité de ces multimédaillés ?
Halil Mutlu (3)Turque
0%
Quelle
est la nationalité de ces multimédaillés ?
Naim Suleymanoglu (3)Turque
0%
Pays ayant obtenu au moins20 médailles d'argentURSS
0%
Quelles sont les trois meilleurs pays ?1er ex-aequo en nombre de médaillesURSS [ Chine
0%
Les médaillés françaisMoins de 69 kg 2008Venceslas {Dabaya}
0%

Distribution des résultats

Percentile par nombre de réponses

% des personnes avec chaque résultat

Votre développement - résultats

Vous n’avez pas pris ce quiz